Statistics for Manchester City Top 10 Leaders

Click here to take the quiz!

General Stats

  • This quiz has been taken 191 times
    (169 since last reset)
  • The average score is 3 of 19

Answer Stats

GoalsAppsPlayer% Correct
260390Sergio Agüero
99%
77436David Silva
65%
153501Colin Bell
25%
68452Mike Summerbee
9%
166354Tommy Johnson
9%
148330Francis Lee
8%
34682Alan Oakes
7%
0545Bert Trautmann
6%
178493Eric Brook
6%
41570Mike Doyle
5%
36444Paul Power
4%
151393Billy Meredith
3%
0603Joe Corrigan
3%
132275Fred Tilson
2%
152364Joe Hayes
2%
36491Tommy Booth
2%
132231Billie Gillespie
1%
139247Tommy Browell
1%
2436Willie Donachie
1%

Score Distribution

Percentile by Number Answered

Percent of People with Each Score

Your Score History

You have not taken this quiz since the last reset